00691cam a22001572 4500001001100000005001700011008004100028040001500069100004000084245019700124250001300321260004100334300003400375502004500409650007900454000002500320151217161559.0140411s xx 000 0 eng d aKABUcKABU1 aWanyoike, Serah Wangui.@000018536410aEffect of compliance to SASRA regulations on financial performance of savings and credit co-operatives in Kenya :ba survey of deposit taking SACCOs in Nairobi county /cSerah Wangui Wanyoike. a1st ed. aNakuru :bKabarak University,c2013. aviii, 59 leaves. +e1 CD-ROM. aThesis (MBA) - Kabarak University, 2012. 0aSavings and credit cooperatives sociaties.xManagementzKenya.@0000185365